[Event "40th IND-chT Open 2020"]
[Site "Ahmedabad"]
[Date "2020.02.08"]
[Round "2.19"]
[White "Swayams, Mishra"]
[Black "Rahul, Kumar"]
[Result "1-0"]
[WhiteElo "2485"]
[BlackElo "1818"]
[Annotator "TA"]
[PlyCount "69"]
[EventDate "2020.02.05"]
[EventCountry "IND"]
[SourceTitle "playchess.com"]
[Source "ChessBase"]
[SourceQuality "1"]

{[%evp 15,69,9,24,20,32,32,55,54,51,8,11,10,19,11,46,20,29,18,56,60,56,55,51,33,61,26,93,89,102,43,50,32,49,50,152,147,108,112,282,209,511,513,504,508,455,370,1118,1096,1916,1856,1830,1779,1660,1758,1520,1311]} 1. d4 Nf6 2. c4 e6 3. Nc3 d5 4. Nf3 Be7 5. Bg5 h6 6. Bxf6 Bxf6 7. e3 O-O 8. Qc2 c6 9. h4 {D55: Queen's Gambit Declined: 4 Bg5 Be7: Lines without ...h6 and 6...h6 7 Bxf6} g6 10. O-O-O Na6 {[%cal Bb8a6,Ba6b4,Bb4d5,Bd5e3][%mdl 32]} 11. g4 {White is slightly better.} Bg7 {[#]} 12. g5 $146 {White wants to play gxh6.} ({Predecessor:} 12. Ne5 dxc4 13. Bxc4 Nb4 14. Qd2 Nd5 15. f4 Nxc3 16. Qxc3 Qe7 17. Rdf1 c5 18. f5 cxd4 19. exd4 Bxe5 20. dxe5 {½-½ (26) Petraki,M (2105)-Glimbrant,T (2260) Barbera del Valles 1995}) 12... h5 $1 13. Ne5 Qc7 14. f4 Nb4 15. Qb3 $36 {[%mdl 2048] White is more active.} c5 $1 16. a3 dxc4 17. Qxc4 Nd5 $1 {[%cal Rd5e3]} 18. Qxc5 Qxc5 19. dxc5 Nxe3 20. Rd2 (20. Rd6 {looks sharper.} Rb8 21. Ne4 Nd5 22. Bc4 Nxf4 23. Nf6+) 20... Bxe5 (20... Ng4 $11 {remains equal.}) 21. fxe5 $16 Ng4 22. Re2 (22. Bg2 $16) 22... Bd7 23. Bg2 Rac8 $1 {[%cal Rc8c5]} 24. Rd1 Bc6 (24... Rc7 $14) 25. Bxc6 Rxc6 26. b4 a5 $2 {[#]} (26... Ra8 $16 {was called for.}) 27. Kb2 b6 $2 (27... Rb8 {is a better chance.} 28. Kb3 axb4 29. axb4 Rcc8) 28. Rd6 $18 Rfc8 29. Rxc6 Rxc6 30. cxb6 axb4 $2 {[#] KRN-KRN} (30... Rxb6 31. b5 Rb8) 31. Na4 {White is clearly winning.} bxa3+ 32. Kxa3 Rc8 33. b7 Rb8 34. Nc5 Kg7 35. Kb4 {Accuracy: White = 84%, Black = 49%.} 1-0

[Event "40th IND-chT Open 2020"]
[Site "Ahmedabad"]
[Date "2020.02.08"]
[Round "2.20"]
[White "Harsh, Himanshu"]
[Black "Gokhale, Chandrashekhar"]
[Result "0-1"]
[WhiteElo "1762"]
[BlackElo "2158"]
[Annotator "TA"]
[PlyCount "30"]
[EventDate "2020.02.05"]
[EventCountry "IND"]
[SourceTitle "playchess.com"]
[Source "ChessBase"]
[SourceQuality "1"]

{[%evp 11,30,47,53,20,36,0,0,0,0,-10,8,-85,-84,-97,-82,-90,-72,-76,-83,-277,-237]} 1. e4 d6 2. d4 Nf6 3. Bd3 e5 4. c3 Nc6 5. Ne2 g6 6. O-O Bg7 7. h3 {B07: Pirc Defence: Miscellaneous Systems.} O-O 8. Be3 d5 9. Nd2 {The position is equal.} dxe4 10. Nxe4 Nd5 11. Bc4 (11. Bg5 $11 {keeps the balance.} f6 12. Be3) 11... Nxe3 $17 12. fxe3 {[#]} Na5 $1 {[%cal Ra5c4]} 13. Bd3 f5 {[#]} 14. Nd2 $146 ({Predecessor:} 14. Nf2 Qg5 15. b4 Nc6 16. Bc4+ Kh8 17. d5 Nb8 18. Qd2 Nd7 19. Rae1 Nf6 20. Bb3 {0-1 (32) Pfeiffer,A (2217)-Dearing,E (2267) London 2000}) 14... c5 15. Nc4 $2 (15. b4 $17 {was necessary.} cxb4 16. cxb4) 15... e4 {Accuracy: White = 28%, Black = 100%.} 0-1

[Event "40th IND-chT Open 2020"]
[Site "Ahmedabad"]
[Date "2020.02.08"]
[Round "2.21"]
[White "Ayush Sharma"]
[Black "Krishna C R G"]
[Result "0-1"]
[WhiteElo "2052"]
[BlackElo "2443"]
[Annotator "TA"]
[PlyCount "102"]
[EventDate "2020.02.05"]
[EventCountry "IND"]
[SourceTitle "playchess.com"]
[Source "ChessBase"]
[SourceQuality "1"]

{[%evp 15,102,30,49,49,54,35,54,46,38,35,35,33,19,-22,0,0,50,10,28,19,64,0,0,0,0,0,0,0,0,0,0,0,0,0,0,0,0,0,-2,0,0,0,31,0,0,0,0,0,0,8,7,0,0,0,0,0,0,-8,-8,-8,-8,-507,-429,-530,-523,-5513,0,-439,0,-6115,-29951,-12836,-12058,-5754,-4044,-29974,-29975,-29975,-29976,-29976,-29977,-29977,-29978,-29980,-29981,-29981,-29984,-29984,-29985]} 1. e4 e6 2. d4 d5 3. Nd2 Nf6 4. e5 Nfd7 5. Bd3 c5 6. c3 Nc6 7. Ne2 a5 8. O-O a4 9. Nf3 {C06: French Tarrasch: 3...Nf6 4 e5 Nfd7 5 Bd3 main lines.} a3 10. bxa3 c4 11. Bc2 {White is slightly better.} Bxa3 12. Bxa3 Rxa3 {[#]} 13. Qc1 $146 ({Predecessor:} 13. Nd2 Qa5 14. Qb1 g6 15. Qb2 Qa7 16. Nb1 Ra5 17. a4 O-O 18. h4 Nb6 19. h5 Nxa4 {0-1 (26) Richard,E (2087)-Fien,A (2163) Endingen 2012}) 13... Qe7 14. Ng5 g6 15. f4 Ra5 16. Rf3 b5 17. Rh3 h6 18. Nxe6 (18. a4 $14) 18... fxe6 $11 (18... Qxe6 $5 19. f5 $8 gxf5 $11) 19. Bxg6+ Kd8 20. f5 exf5 21. Rxh6 Rxh6 22. Qxh6 Qf8 23. Qg5+ Ne7 {Threatens to win with ...Qg8.} 24. Nf4 {[%cal Rf4e6]} Ra6 25. h4 Qg8 {[%cal Ra6g6]} 26. h5 Nf8 $1 27. Rf1 Nfxg6 28. hxg6 Ke8 {[%cal Re7g6]} 29. g7 {Hoping for Rf3.} Kf7 $1 30. e6+ Bxe6 31. Re1 {Strongly threatening Nh5.} Qxg7 32. Qxg7+ Kxg7 33. Nxe6+ {[%mdl 4096] Endgame KRN-KRN} Kf6 34. Nc7 Rxa2 35. Nxb5 Ng6 {next ...Nf4 is good for Black.} 36. g3 f4 37. gxf4 Kf5 38. Rf1 $2 {[%mdl 8192]} (38. Nc7 $11 {and White has nothing to worry.}) 38... Nxf4 $19 39. Rf2 Ra1+ 40. Rf1 Ra2 (40... Rxf1+ $142 41. Kxf1 Ke4) 41. Rf2 Ra1+ (41... Ra5 $142 42. Nd6+ Kg4) 42. Rf1 $1 {[%cal Rf1a1]} Rxf1+ 43. Kxf1 {[#] KN-KN} Ke4 $1 {[%cal Re4e3]} 44. Kf2 {[#]} Kd3 $1 45. Nc7 Kxc3 {Black mates.} 46. Ke3 Kb2 47. Kxf4 c3 48. Nxd5 c2 49. Ne3 c1=Q 50. d5 Kc3 51. Ke4 {[#]} Qe1 $1 {Accuracy: White = 69%, Black = 94%.} 0-1

[Event "40th IND-chT Open 2020"]
[Site "Ahmedabad"]
[Date "2020.02.08"]
[Round "2.22"]
[White "Thejkumar, M. S."]
[Black "Choubey Saurabh"]
[Result "1-0"]
[WhiteElo "2438"]
[BlackElo "1889"]
[Annotator "TA"]
[PlyCount "59"]
[EventDate "2020.02.05"]
[EventCountry "IND"]
[SourceTitle "playchess.com"]
[Source "ChessBase"]
[SourceQuality "1"]

{[%evp 9,59,54,56,47,47,44,69,68,66,47,75,37,58,49,47,55,55,39,27,35,42,39,35,7,7,16,12,15,4,5,9,8,5,8,79,58,93,97,110,108,115,124,147,110,315,316,435,466,685,676,799,785]} 1. d4 g6 2. c4 Bg7 3. Nf3 d6 4. e4 Nc6 5. d5 Ne5 6. Nxe5 {A40: Unusual replies to 1 d4.} Bxe5 7. Bd3 c5 8. O-O {White is slightly better.} Nf6 9. Nd2 O-O 10. h3 Nd7 {[#]} 11. Rb1 $146 ({Predecessor:} 11. Qc2 Bg7 12. Nf3 b5 13. cxb5 a6 14. bxa6 Bxa6 15. Bxa6 Rxa6 16. Bd2 Qa8 17. a4 {½-½ (30) Plischki,S (2397)-Nguyen,P (2419) Prague 2019}) 11... Bg7 12. f4 e6 13. dxe6 fxe6 14. Nf3 Nb8 15. Be3 Nc6 16. Be2 Qe7 17. Qd2 e5 18. fxe5 Nxe5 19. Nxe5 {[#] Rxf8+ is the strong threat.} Rxf1+ 20. Rxf1 Qxe5 21. Rd1 $36 {[%mdl 2048] White fights for an advantage.} Qxe4 {[#]} (21... Be6 $11) 22. Bf3 $1 $16 {[%cal Rf3e4]} Qe5 23. Bf2 {Hoping for Re1.} Bf5 24. Qxd6 Qxd6 25. Rxd6 Bf8 26. Bxb7 {And now Bd5+ would win.} Rb8 $2 (26... Bxd6 $16 27. Bxa8 Kg7) 27. Bd5+ $18 Kg7 28. Ra6 {White is clearly winning.} Rxb2 (28... Kh8 $142 29. b3 Re8 30. Rxa7 Be6 31. Bxe6 Rxe6) 29. Rxa7+ Kh6 30. g4 {Accuracy: White = 87%, Black = 49%.} 1-0

[Event "40th IND-chT Open 2020"]
[Site "Ahmedabad"]
[Date "2020.02.08"]
[Round "2.23"]
[White "Mraduhas, Tripathi"]
[Black "Laxman, R.R."]
[Result "0-1"]
[WhiteElo "1709"]
[BlackElo "2432"]
[Annotator "TA"]
[PlyCount "88"]
[EventDate "2020.02.05"]
[EventCountry "IND"]
[SourceTitle "playchess.com"]
[Source "ChessBase"]
[SourceQuality "1"]

{[%evp 16,88,15,0,2,0,8,-5,0,-2,0,0,0,-7,1,-22,28,-49,-37,-39,-26,-73,-68,-96,-98,-90,-83,-112,-125,-157,-131,-118,-133,-133,-79,-77,-45,-248,-153,-160,-131,-167,-169,-154,-154,-168,-160,-327,-328,-377,-372,-383,-379,-577,-383,-462,-449,-415,-314,-359,-309,-791,-783,-749,-744,-1150,-747,-29972,-29973,-29970,-29969,-6049,-683,-6033,-5164]} 1. e4 e5 2. Nf3 Nc6 3. Bb5 a6 4. Ba4 Nf6 5. O-O Be7 6. Qe2 b5 7. Bb3 O-O 8. c3 d5 9. d3 Be6 {C86: Closed Ruy Lopez: Worrall Attack.} 10. Rd1 Re8 11. Nbd2 h6 {The position is equal.} 12. Nf1 Bf8 13. Ng3 g6 14. a4 {[#]} Bg7 $146 ({Predecessor:} 14... Qd6 15. exd5 Nxd5 16. Bxd5 Bxd5 17. axb5 axb5 18. Rxa8 Rxa8 19. c4 Bxf3 20. Qxf3 Ra1 {0-1 (35) Ruiz Abad,J (2124)-Ros Eskisabel,J (2095) Getxo 2019}) 15. h3 Qb8 16. Qc2 (16. Bc2 $11) 16... Na5 $15 17. Ba2 c5 $1 18. exd5 Nxd5 19. Ne4 Qb6 $1 20. axb5 axb5 21. Bd2 c4 22. Bb1 cxd3 23. Qxd3 f5 24. Qe2 fxe4 (24... Nc4 $142 25. Rxa8 Rxa8) 25. Bxe4 $17 Bf7 {[#] Hoping for ...Rad8.} 26. Nh4 $2 (26. Bxh6 $1 $15 {[%mdl 512]} Bxh6 27. Bxd5 Bxd5 28. Rxd5) 26... Nf4 27. Qf3 Rad8 {Strongly threatening ...Nb3.} 28. Be3 Rxd1+ 29. Qxd1 {[#]} Qf6 $1 {[%cal Rf6h4]} 30. Rxa5 {Black must now prevent Nf3.} Qxh4 31. Bxf4 $2 (31. Qf3 $17 {only move.}) 31... exf4 $19 ({Weaker is} 31... Qxf4 32. Qc2 $19) 32. Bd5 Bxd5 33. Qxd5+ Kh7 {( -> ...Re1+)} 34. Qf3 (34. Qd1 $142 b4 35. cxb4) 34... Qg5 35. Kh2 Qc5 36. Ra6 Re7 37. Qd3 Qf5 38. Qd8 $2 (38. Qxf5 gxf5 39. Rb6) 38... Rd7 39. Qe8 f3 40. Ra8 Qe5+ 41. Qxe5 Bxe5+ 42. g3 Rd2 43. Kg1 Rd1+ 44. Kh2 Rf1 {Accuracy: White = 44%, Black = 69%.} 0-1

[Event "40th IND-chT Open 2020"]
[Site "Ahmedabad"]
[Date "2020.02.08"]
[Round "2.24"]
[White "Das, Arghyadip"]
[Black "Abhay Bandewar"]
[Result "1-0"]
[WhiteElo "2458"]
[BlackElo "1685"]
[Annotator "TA"]
[PlyCount "91"]
[EventDate "2020.02.05"]
[EventCountry "IND"]
[SourceTitle "playchess.com"]
[Source "ChessBase"]
[SourceQuality "1"]

{[%evp 20,91,44,29,64,68,77,64,61,62,61,61,80,66,65,66,65,67,85,77,77,77,77,73,92,83,89,89,83,78,93,95,102,101,101,86,86,84,84,85,93,94,102,90,118,116,180,179,180,175,179,177,185,157,185,185,185,185,185,185,208,200,270,270,262,227,261,254,247,248,344,343,332,323]} 1. e4 c5 2. Nf3 d6 3. d4 cxd4 4. Nxd4 Nf6 5. f3 e5 6. Nb3 d5 7. Bg5 Be6 8. Bxf6 gxf6 9. exd5 Qxd5 10. Qxd5 Bxd5 11. Nc3 Bc6 {B55: Sicilian: 2...d6 3 d4 cxd4 4 Nxd4 Nf6 5 f3.} 12. O-O-O Nd7 13. Nb5 Bxb5 {White is slightly better.} 14. Bxb5 O-O-O 15. Bc4 {[#]} Nc5 $146 ({Predecessor:} 15... Rg8 16. g3 Rg7 17. Bd5 Kc7 18. Be4 b6 19. Rd3 Nc5 20. Nxc5 Bxc5 21. Rxd8 Kxd8 22. Rd1+ Ke7 23. g4 h5 24. h3 {½-½ (24) Dudas,E (2242)-Fedorovsky,M (2392) Schwarzach 2013}) 16. Rxd8+ Kxd8 17. Bxf7 Nxb3+ 18. Bxb3 $16 {[%mdl 4096] Endgame KRB-KRB} Bh6+ 19. Kb1 Kc7 20. Bc4 Bd2 21. Be6 h6 22. a3 Rd8 23. Bf5 Be3 24. Re1 Bf2 25. Re2 Bg1 26. h4 Bh2 27. Bd3 Bg3 28. h5 Rd4 29. Ka2 Rh4 {[#]} 30. Bg6 $1 Rd4 31. Be4 Rd1 32. Re3 Rd6 (32... Kb8 $16 33. Rb3 Rd7) 33. Rb3 $18 b6 34. Rc3+ Kb8 35. Bf5 Bf2 36. Rc8+ Kb7 37. Rh8 Be3 38. Rh7+ Kb8 39. Be4 a5 40. Kb3 Kc8 41. Ka4 Kd8 42. Kb5 Rd7 43. Rh8+ Kc7 44. Rf8 Bg5 45. b4 axb4 46. axb4 {Accuracy: White = 100%, Black = 76%.} 1-0